1818 1467 1245 1205 1901 1573 1074 1674 1130 1267 1752 1796 1552 1882 1415 1938 1119 1848 1669 1376 1970 1593 1769 1190 1096 1161 1519 1886 1918 1169 1718 1566 1511 1202 1467 1749 1527 1479 1609 1194 1125 1554 1313 1716 1206 1563 1992 1761 1543 1682 1541 1446 1773 1364 1594 1087 1915 1365 1080 1458 1966 1210 1150 1459 1934 1704 1572 1543 1074 1727 1465 1388 1455 1608 1834 1823 1086 1757 1003 1931 1356 1412 1785 1272 1862 1529 1813 1708 1670 1803 1380 1303 1658 1703 1275 1599 1269 1559 1967 BCNSPRNW ULIB Ver.6.0+V

เปลี่ยนเป็นภาษาไทย

Change to English
 แสดงรายละเอียดบรรณานุกรม
  กลับหน้าหลัก

Brief Record : Get Marc (ISO 2709) : E-mail record : QR code < ปิดหน้าต่าง
LEADER : 00000nam 2200000uu 4500
001    13399110608
003     ULIB
008    110606s2546||||th 000 0 tha d
020    9745718823
060 04 QS504^bก768จ 2546
100 0  เกล็ดแก้ว ด่านวิวัฒน์
245 10 จุลกายวิภาคศาสตร์ /^cเกล็ดแก้ว ด่านวิวัฒน์
250    พิมพ์ครั้งที่ 1
260    กรุงเทพฯ :^bสำนักพิมพ์มหาวิทยาลัยธรรมศาสตร์,^c2546
300    11, 244 หน้า :^bภาพประกอบ ;^c27 ซม.
650  7 จุลกายวิภาคศาสตร์
945    ^p420^l0^i13286
945    ^p420^l0^i24576
945    ^p420^l0^i24577
945    ^p420^l0^i13282
945    ^p420^l0^i13283
945    ^p420^l0^i13284
995    กัณชพร
999    ^aใช้งานได้ทุกระบบ
รายการนี้ยังไม่มีแท็ก
คุณยังไม่ได้ล็อกอิน คุณสามารถมีกิจกรรมร่วมกับเว็บไซต์ได้ แต่ต้องล็อกอินก่อน ::
  ล็อกอิน

รายการสื่อสารสนเทศ

ลำดับที่ ประเภท เลขเรียก/บาร์โค้ด สถานที่ สถานะ
- ไม่พบข้อมูล -

รายการใกล้เคียง
    ผู้แต่ง [เกล็ดแก้ว ด่านวิวัฒน์]

    หัวเรื่อง [จุลกายวิภาคศาสตร์]

BibComment


ยังไม่เคยถูกคอมเมนท์

คอมเมนท์ทรัพยากรรายการนี้
  คอมเมนท์: จุลกายวิภาคศาสตร์..


 Copyright 2026. Bcnsprnw @Library